header

Learning for keeps (Record no. 235115)

MARC details
000 -LEADER
fixed length control field 01255nam a2200337Ia 4500
082 04 - DEWEY DECIMAL CLASSIFICATION NUMBER
Classification number 371.39
100 1# - MAIN ENTRY--AUTHOR NAME
Personal name Koenig, Rhoda,
245 10 - TITLE STATEMENT
Title Learning for keeps
260 ## - PUBLICATION, DISTRIBUTION, ETC. (IMPRINT)
Place of publication Alexandria, VA :
Name of publisher ASCD,
Year of publication c2010.
300 ## - PHYSICAL DESCRIPTION
Number of Pages xix, 188 p.
650 #0 - SUBJECT ADDED ENTRY--TOPICAL TERM
Topical Term Effective teaching.
Topical Term Language arts.
Topical Term Reading.
Topical Term Cognitive learning.
856 40 - ELECTRONIC LOCATION AND ACCESS
Uniform Resource Identifier http://site.ebrary.com/lib/rucke/Doc?id=10436137

No items available.

© 2026 Rongo University
Contact us: librarian | system librarian | Rongo university